00708nam a2200217 a 450000100060000000300080000600500170001400800410003102000150007203500140008704000260010104100080012708200300013524501010016526000470026630000300031365000550034365000400039865000340043870000180047251697BD-RjUL20211209075712.0160901s2006 ii a|||| |||| 00| 0 eng d a8183210481 a(BD-RjUL) aBD-RjULbengcBD-RjUL aeng a630.7150954bFAR 2006223 aFarm communication through mass media in the new millennium /ceditors, A.G. Sawant... [et al.]. aUdaipur : bAgrotech Pub. Academy, cc2006 a152 p. : bill. ; c19 cm aMass media in agricultural extension work -- India aTelevision in agriculture -- India. aRadio in agriculture -- India a Sawant, A.G.